| 000 | 03008nam a2200577 i 4500 | ||
|---|---|---|---|
| 003 | EG-GICUC | ||
| 005 | 20260324175422.0 | ||
| 008 | 260324s2006 ua ||||fr|||| 00| 0 ara d | ||
| 017 | _a2006/13547 | ||
| 040 |
_a EG-GICUC _bara _c EG-GICUC _d EG-GICUC _erda |
||
| 041 | _aara | ||
| 082 | 0 | 4 |
_221 _a343.766 _bش ر . ح |
| 092 | 0 | 4 | _221 |
| 099 | _aLaw1 10 343.766 ش ر . ح 2006 | ||
| 100 | 0 |
_aشريف زيفر هلالى _eمقدم. |
|
| 245 | 1 | 0 |
_aحالة السجون العربية : _bتقرير المنظمة العربية للإصلاح الجنائي 2005 حول أوضاع السجون والسجناء في بعض الدول العربية : الأردن، البحرين، الجزائر، السودان، سوريا، العراق، فلسطين، لبنان، ليبيا، مصر، المغرب، اليمن / _cمقدمة تحليلية شريف زيفر هلالى ، تقديم و إشراف محمد زارغ. |
| 246 |
_aThe Arab prisons’ Conditions _bThe second annual report of 2005 on prisons and prisoners’conditions in some arab countries |
||
| 264 | 1 |
_aالقاهرة : _bالمنظمة العربية للإصلاح الجنائي، _c2006. |
|
| 300 |
_a388 صفحة : _bإيضاحيات، صور، مثيليات ؛ _c24 سم. |
||
| 336 |
_2rda content _atext |
||
| 337 |
_2rda media _aComputer |
||
| 338 |
_2rda carrier _aOnline Resource |
||
| 504 | _aيشتمل على إرجاعات ببليوجرافية. | ||
| 546 | _aالنص أغلبه باللغة العربية مع بعض النصوص الإنجليزية | ||
| 650 | 1 | _aالقانون الجنائي | |
| 650 | 1 | _aالسجون والمؤسسات العقابية والإصلاحية | |
| 650 | 1 | _aحالة السجون العربية | |
| 650 | 1 | _aاوضاع السجون | |
| 650 | 1 | _aاوضاع السجناء | |
| 700 | 0 |
_aمحمد زارغ _eمقدم. _eمشرف. |
|
| 700 | 0 |
_aأكثم نعيسة _eمؤلف مشارك. |
|
| 700 | 0 |
_aإيهاب سلام _eمؤلف مشارك. |
|
| 700 | 0 |
_aجابر ملكاوى _eمؤلف مشارك. |
|
| 700 | 0 |
_aجمال الجعبي _eمؤلف مشارك. |
|
| 700 | 0 |
_aحسن سليم _eمؤلف مشارك. |
|
| 700 | 0 |
_aرديف مصطفى _eمؤلف مشارك. |
|
| 700 | 0 |
_aعادل الزناتى _eمؤلف مشارك. |
|
| 700 | 0 |
_aعاصم ربابعة _eمؤلف مشارك. |
|
| 700 | 0 |
_aعبد الحميد الرهيوى _eمؤلف مشارك. |
|
| 700 | 0 |
_aغازى السامعى _eمؤلف مشارك. |
|
| 700 | 0 |
_aمها الخطيب _eمؤلف مشارك. |
|
| 700 | 0 |
_aمهند الحسنى _eمؤلف مشارك. |
|
| 700 | 0 |
_aنازك عثمان _eمؤلف مشارك. |
|
| 700 | 0 |
_aنسرين زريقات _eمؤلف مشارك. |
|
| 700 | 0 |
_aهلا حمزة _eمؤلف مشارك. |
|
| 700 | 0 |
_aوسام سحويل _eمؤلف مشارك. |
|
| 700 | 0 |
_aيوسف مداد _eمؤلف مشارك. |
|
| 856 | 4 | 0 | _uhttps://fll.law.cu.edu.eg/fulltext/bks/B10-08592.pdf |
| 905 | _a43 | ||
| 942 |
_2ddc _n0 _cBK _e21 |
||
| 999 |
_c66633 _d66633 |
||